| 000 | 01201nam0a22003011 4500 | ||
|---|---|---|---|
| 001 | v19\rc\1424397 | ||
| 005 | 20250618112635.0 | ||
| 035 | _a(NLR Aleph) 004550341 | ||
| 090 |
_a2132781 _c2132781 |
||
| 100 | _a20060512e18851885|||y0rusy50 ca | ||
| 101 | 0 | _arus | |
| 102 | _aRU | ||
| 105 | _ay z ||||| | ||
| 200 | 1 |
_aК вопросу о содержании пептона в женском и коровьем молоке _eСообщение первое _f[Соч.] А. Догеля _gИз Физиол.-хим. ин-та проф. Huppert'а в Праге |
|
| 210 |
_a[Санкт-Петербург] _cтип. Я. Трея _dценз. 1885 |
||
| 215 |
_a22 с. _d20 |
||
| 309 | _aБез тит. л. и обл. | ||
| 311 | _aИз "Врача" № 5 | ||
| 488 | 0 |
_12001#$aВрач$v№ 5 _tВрач |
|
| 532 | 1 | 3 | _aК вопросу о содержании пептона в женском и коровьем молоке |
| 700 | 1 |
_aДогель _bА.С. _f1852-1922 _gАлександр Станиславович |
|
| 801 | 0 |
_aRU _bNLR _gpsbo |
|
| 801 | 0 |
_aRU _bRuMoRGB _2psbo |
|
| 801 | 1 |
_aRU _bProSoft-M _2rusmarc |
|
| 852 |
_aNLR _j18.16.8.13 |
||
| 942 | _cBOOK | ||
| 980 | _aNB | ||